[Event "20. Obert Int. Sant Marti 2018"]
[Site "Barcelona ESP"]
[Date "2018.07.16"]
[Round "4.15"]
[White "Vatsal, Singhania"]
[Black "Perez Mitjans, Orelvis"]
[Result "1-0"]
[WhiteElo "2194"]
[BlackElo "2399"]
[PlyCount "57"]
[EventDate "2018.07.13"]
[EventType "swiss"]
[EventRounds "9"]
[EventCountry "ESP"]
[SourceTitle "Ajedrez en Madrid"]
[Source "lmi"]
[SourceDate "2018.07.13"]
[SourceVersion "1"]
[SourceVersionDate "2019.06.21"]
[SourceQuality "1"]

1. d4 Nf6 2. c4 c5 3. Nf3 cxd4 4. Nxd4 g6 5. Nc3 Bg7 6. e4 d6 7. Be2 O-O 8. Be3
Nc6 9. O-O Bd7 10. Rc1 Nxd4 11. Bxd4 Bc6 12. Qd3 a5 13. Nd5 Nd7 14. Bxg7 Kxg7
15. Qc3+ Kg8 16. Qe3 e5 17. Rcd1 Nc5 18. f4 exf4 19. Rxf4 Bxd5 20. Rxd5 f6 21.
Qd2 Ra6 22. Bg4 Re8 23. Qd4 Kg7 24. Qe3 Qb6 25. Qd4 Re5 26. Qf2 Qd8 27. Qxc5 f5
28. Qd4 Qf6 29. exf5 1-0

[Event "20. Obert Int. Sant Marti 2018"]
[Site "Barcelona ESP"]
[Date "2018.07.16"]
[Round "4.16"]
[White "Eggleston, David J"]
[Black "Deshpande, Aniruddha"]
[Result "1/2-1/2"]
[WhiteElo "2397"]
[BlackElo "2132"]
[PlyCount "62"]
[EventDate "2018.07.13"]
[EventType "swiss"]
[EventRounds "9"]
[EventCountry "ESP"]
[SourceTitle "Ajedrez en Madrid"]
[Source "lmi"]
[SourceDate "2018.07.13"]
[SourceVersion "1"]
[SourceVersionDate "2019.06.21"]
[SourceQuality "1"]

1. d4 d5 2. c4 e6 3. Nc3 Nf6 4. cxd5 exd5 5. Bg5 Be7 6. e3 c6 7. Bd3 Nbd7 8.
Nge2 Nh5 9. Bxe7 Qxe7 10. g4 Nhf6 11. Ng3 h6 12. Nf5 Qf8 13. Qf3 g6 14. Ng3 Qe7
15. h4 Nf8 16. g5 hxg5 17. hxg5 Rxh1+ 18. Qxh1 N6h7 19. e4 dxe4 20. Ngxe4 Nxg5
21. O-O-O Nxe4 22. Bxe4 Qg5+ 23. Kb1 Bf5 24. d5 O-O-O 25. dxc6 Rxd1+ 26. Qxd1
bxc6 27. Qd4 Qf4 28. Qa4 Qc7 29. Qa6+ Kb8 30. Bxf5 gxf5 31. Qd3 Qd7 1/2-1/2

[Event "20. Obert Int. Sant Marti 2018"]
[Site "Barcelona ESP"]
[Date "2018.07.16"]
[Round "4.17"]
[White "Valenzuela Gomez, Fernando"]
[Black "Persson, Andreas"]
[Result "1-0"]
[WhiteElo "2389"]
[BlackElo "2126"]
[PlyCount "89"]
[EventDate "2018.07.13"]
[EventType "swiss"]
[EventRounds "9"]
[EventCountry "ESP"]
[SourceTitle "Ajedrez en Madrid"]
[Source "lmi"]
[SourceDate "2018.07.13"]
[SourceVersion "1"]
[SourceVersionDate "2019.06.21"]
[SourceQuality "1"]

1. c4 Nf6 2. Nc3 e6 3. e4 d5 4. e5 d4 5. exf6 dxc3 6. bxc3 Qxf6 7. Nf3 Nd7 8.
d4 h6 9. Bd3 Bd6 10. O-O b6 11. Be4 Rb8 12. Qa4 O-O 13. Bc6 a6 14. Bxd7 b5 15.
Qa5 Bxd7 16. c5 Bc6 17. cxd6 Bxf3 18. gxf3 Qxf3 19. Re1 Qg4+ 20. Kf1 Qh3+ 21.
Ke2 Qh5+ 22. Kd2 cxd6 23. Ba3 Qxh2 24. Re2 Qf4+ 25. Kc2 Rfc8 26. Rd1 Qf3 27.
Rdd2 Qd5 28. Bb4 h5 29. Qa3 Rc6 30. Qb3 Rc4 31. Kb2 Rbc8 32. f4 g6 33. Rg2 Qf3
34. Qd1 Qxf4 35. Rdf2 Qe3 36. Rf3 Qe4 37. Rgf2 R8c7 38. Bxd6 Rd7 39. Qf1 f5 40.
Be5 Qd5 41. Qg1 Kh7 42. Rg3 b4 43. Rxg6 bxc3+ 44. Ka1 Qb7 45. Rg8 1-0

[Event "20. Obert Int. Sant Marti 2018"]
[Site "Barcelona ESP"]
[Date "2018.07.16"]
[Round "4.18"]
[White "Gonzales, Jayson"]
[Black "Garcia Gil, Javier"]
[Result "1/2-1/2"]
[WhiteElo "2367"]
[BlackElo "2110"]
[PlyCount "50"]
[EventDate "2018.07.13"]
[EventType "swiss"]
[EventRounds "9"]
[EventCountry "ESP"]
[SourceTitle "Ajedrez en Madrid"]
[Source "lmi"]
[SourceDate "2018.07.13"]
[SourceVersion "1"]
[SourceVersionDate "2019.06.21"]
[SourceQuality "1"]

1. Nf3 Nf6 2. c4 e6 3. g3 d5 4. Bg2 a6 5. b3 b5 6. O-O Be7 7. Bb2 O-O 8. Qc2
Bb7 9. Ne5 c5 10. d4 Qb6 11. dxc5 Bxc5 12. cxb5 axb5 13. Nd3 Be7 14. Rc1 Na6
15. Nd2 Rfc8 16. Qd1 Rxc1 17. Qxc1 Nb4 18. Nxb4 Bxb4 19. a3 Bc5 20. e3 Bxe3 21.
fxe3 Qxe3+ 22. Kh1 Ng4 23. Qe1 Nf2+ 24. Kg1 Nh3+ 25. Kh1 Nf2+ 1/2-1/2

[Event "20. Obert Int. Sant Marti 2018"]
[Site "Barcelona ESP"]
[Date "2018.07.16"]
[Round "4.19"]
[White "Sapale, Saloni"]
[Black "Grafl, Florian"]
[Result "1/2-1/2"]
[WhiteElo "2145"]
[BlackElo "2364"]
[PlyCount "93"]
[EventDate "2018.07.13"]
[EventType "swiss"]
[EventRounds "9"]
[EventCountry "ESP"]
[SourceTitle "Ajedrez en Madrid"]
[Source "lmi"]
[SourceDate "2018.07.13"]
[SourceVersion "1"]
[SourceVersionDate "2019.06.21"]
[SourceQuality "1"]

1. e4 Nf6 2. e5 Nd5 3. d4 d6 4. c4 Nb6 5. exd6 exd6 6. Bd3 Nc6 7. Ne2 Nb4 8.
Nbc3 Nxd3+ 9. Qxd3 Be7 10. b3 O-O 11. O-O Re8 12. Be3 c6 13. Ng3 g6 14. Bh6 d5
15. c5 Nd7 16. b4 Nf8 17. Rfe1 Bf6 18. a4 Rxe1+ 19. Rxe1 Ne6 20. Be3 h5 21.
Nge2 Qf8 22. b5 Qg7 23. Rd1 Bd7 24. h3 Qh8 25. a5 a6 26. b6 Re8 27. Na2 Ng7 28.
Nb4 Kh7 29. Nf4 Nf5 30. Nc2 Nxe3 31. Nxe3 Re4 32. Ne2 Qe8 33. Qc3 Bg5 34. Ng3
Re7 35. Ngf1 f5 36. Nc2 f4 37. Nh2 Bf6 38. Kf1 Bf5 39. Nf3 g5 40. Re1 Rxe1+ 41.
Qxe1 Bd3+ 42. Kg1 Qe4 43. Nb4 Bb5 44. Qxe4+ dxe4 45. Ne5 Bxe5 46. dxe5 Kg6 47.
Nc2 1/2-1/2

[Event "20. Obert Int. Sant Marti 2018"]
[Site "Barcelona ESP"]
[Date "2018.07.16"]
[Round "4.20"]
[White "Low, Kevin"]
[Black "Navarro Lopez-Menchero, Daniel"]
[Result "0-1"]
[WhiteElo "2122"]
[BlackElo "2297"]
[PlyCount "138"]
[EventDate "2018.07.13"]
[EventType "swiss"]
[EventRounds "9"]
[EventCountry "ESP"]
[SourceTitle "Ajedrez en Madrid"]
[Source "lmi"]
[SourceDate "2018.07.13"]
[SourceVersion "1"]
[SourceVersionDate "2019.06.21"]
[SourceQuality "1"]

1. e4 c5 2. Nf3 d6 3. d4 cxd4 4. Nxd4 Nf6 5. Nc3 a6 6. f3 Qb6 7. Nb3 g6 8. Qe2
Bg7 9. Be3 Qc7 10. Qd2 Nc6 11. O-O-O Be6 12. Bh6 Bxh6 13. Qxh6 O-O-O 14. Kb1 d5
15. exd5 Nxd5 16. Nxd5 Bxd5 17. Be2 Nb4 18. Rd2 Be6 19. Rhd1 Bf5 20. Rc1 Kb8
21. Nd4 Rxd4 22. Rxd4 Nxc2 23. Rdd1 Nb4+ 24. Ka1 Nc2+ 25. Kb1 Nb4+ 26. Ka1 Qa5
27. a3 Nc2+ 28. Ka2 Nb4+ 29. Ka1 Nc2+ 30. Ka2 Nb4+ 31. Kb3 Nc2 32. Qf4+ e5 33.
Qa4 Be6+ 34. Bc4 Nd4+ 35. Rxd4 Qxa4+ 36. Kxa4 exd4 37. Bxe6 fxe6 38. Re1 Rd8
39. Rxe6 d3 40. Re1 Rc8 41. Rd1 Rc2 42. Rxd3 Rxg2 43. Rd7 Rxh2 44. Kb3 Ka7 45.
Rg7 Kb6 46. Kc3 Kc6 47. b3 b5 48. a4 bxa4 49. bxa4 Rh4 50. Kb3 Kb6 51. Rf7 Ka5
52. Re7 Rb4+ 53. Kc3 Rf4 54. Rxh7 Rxf3+ 55. Kb2 Kxa4 56. Rg7 Rg3 57. Rb7 g5 58.
Re7 g4 59. Re5 Rg2+ 60. Kb1 a5 61. Kc1 Kb4 62. Re4+ Kb3 63. Re3+ Kc4 64. Re4+
Kd3 65. Ra4 Rg1+ 66. Kb2 g3 67. Rxa5 Rg2+ 68. Kb3 Rf2 69. Rg5 g2 0-1

[Event "20. Obert Int. Sant Marti 2018"]
[Site "Barcelona ESP"]
[Date "2018.07.16"]
[Round "4.21"]
[White "Gonzalez Rodriguez, Jorge A."]
[Black "Davtyan, David Arm."]
[Result "1/2-1/2"]
[WhiteElo "2271"]
[BlackElo "1926"]
[PlyCount "110"]
[EventDate "2018.07.13"]
[EventType "swiss"]
[EventRounds "9"]
[EventCountry "ESP"]
[SourceTitle "Ajedrez en Madrid"]
[Source "lmi"]
[SourceDate "2018.07.13"]
[SourceVersion "1"]
[SourceVersionDate "2019.06.21"]
[SourceQuality "1"]

1. b3 e5 2. Bb2 Nc6 3. e3 d5 4. Bb5 Bd6 5. d4 exd4 6. Qxd4 Nf6 7. Nc3 O-O 8.
Bxc6 bxc6 9. Nge2 Re8 10. O-O-O Qe7 11. Kb1 c5 12. Qd2 c6 13. h3 Bf5 14. Rhe1
a5 15. Ka1 Qb7 16. f3 Bf8 17. g4 Be6 18. Nf4 Bd6 19. Nxe6 Rxe6 20. e4 Rae8 21.
g5 Nd7 22. exd5 Rxe1 23. Rxe1 Rxe1+ 24. Qxe1 cxd5 25. Qe8+ Nf8 26. Qd8 Qe7 27.
Qxe7 Bxe7 28. f4 d4 29. Nd5 Bd8 30. c3 Ne6 31. Kb1 Nc7 32. Nxc7 Bxc7 33. cxd4
cxd4 34. Bc1 f6 35. gxf6 g6 36. Kc2 Kf7 37. Kd3 Kxf6 38. Kxd4 Kf5 39. a3 Bd6
40. Kd5 Be7 41. Kc4 Ke4 42. Kb5 Kd3 43. Ka4 Bd8 44. Bb2 h5 45. Bg7 Be7 46. Bh6
Ke4 47. Bg5 Bd6 48. Kxa5 Bxa3 49. b4 h4 50. b5 Bc5 51. b6 Bxb6+ 52. Kxb6 Kf3
53. Bxh4 Kxf4 54. Kc5 g5 55. Be1 Kf3 1/2-1/2

[Event "20. Obert Int. Sant Marti 2018"]
[Site "Barcelona ESP"]
[Date "2018.07.16"]
[Round "4.22"]
[White "Rueda Marquez, David J."]
[Black "Gorti, Akshita"]
[Result "0-1"]
[WhiteElo "2110"]
[BlackElo "2255"]
[PlyCount "85"]
[EventDate "2018.07.13"]
[EventType "swiss"]
[EventRounds "9"]
[EventCountry "ESP"]
[SourceTitle "Ajedrez en Madrid"]
[Source "lmi"]
[SourceDate "2018.07.13"]
[SourceVersion "1"]
[SourceVersionDate "2019.06.21"]
[SourceQuality "1"]

1. g3 Nf6 2. Bg2 d5 3. Nf3 Bg4 4. c4 c6 5. Ne5 Be6 6. cxd5 Bxd5 7. Nf3 c5 8.
Nc3 Bc6 9. O-O e6 10. d3 Nbd7 11. e4 b5 12. Qe2 Be7 13. a4 b4 14. Nb1 O-O 15.
Nbd2 Bb7 16. Nc4 Nb8 17. Nfe5 Nfd7 18. Be3 Nxe5 19. Nxe5 Qc7 20. f4 Rd8 21.
Rac1 Ba6 22. Rfd1 Nd7 23. Nc4 b3 24. Nd2 Rab8 25. Rc3 Nb6 26. Ra1 Qd7 27. a5
Na4 28. Rxb3 Nxb2 29. Rxb8 Rxb8 30. Nc4 Nxd3 31. Ne5 Nxe5 32. Qxa6 Ng4 33. Qe2
Nxe3 34. Qxe3 c4 35. Bf1 Rb3 36. Qf2 c3 37. Rc1 Qc6 38. Qc2 Qc5+ 39. Kh1 Rb2
40. Qxc3 Qf2 41. Qxb2 Qxb2 42. Rc8+ Bf8 43. a6 0-1

[Event "20. Obert Int. Sant Marti 2018"]
[Site "Barcelona ESP"]
[Date "2018.07.16"]
[Round "4.23"]
[White "Blasco Coll, Andreu"]
[Black "Anuj, Shrivatri"]
[Result "1/2-1/2"]
[WhiteElo "2242"]
[BlackElo "2094"]
[PlyCount "72"]
[EventDate "2018.07.13"]
[EventType "swiss"]
[EventRounds "9"]
[EventCountry "ESP"]
[SourceTitle "Ajedrez en Madrid"]
[Source "lmi"]
[SourceDate "2018.07.13"]
[SourceVersion "1"]
[SourceVersionDate "2019.06.21"]
[SourceQuality "1"]

1. d4 Nf6 2. Nf3 g6 3. Bg5 Bg7 4. Nbd2 O-O 5. c3 d6 6. e4 c5 7. dxc5 dxc5 8.
Qc2 Nc6 9. Be2 Qc7 10. Nc4 Rd8 11. O-O h6 12. Bh4 Qf4 13. e5 Nh5 14. g3 Qf5 15.
Qxf5 Bxf5 16. Ne1 g5 17. Bxh5 gxh4 18. f4 hxg3 19. hxg3 f6 20. exf6 Bxf6 21.
Bf3 Be6 22. Be2 b5 23. Ne3 b4 24. Bg4 Bf7 25. Bf3 Rac8 26. Ng4 Bg7 27. Bxc6
Rxc6 28. Ne5 Bxe5 29. fxe5 bxc3 30. bxc3 Rg6 31. Kg2 Rd2+ 32. Rf2 Bd5+ 33. Kf1
Bc4+ 34. Kg2 Bd5+ 35. Kf1 Bc4+ 36. Kg2 Bd5+ 1/2-1/2

[Event "20. Obert Int. Sant Marti 2018"]
[Site "Barcelona ESP"]
[Date "2018.07.16"]
[Round "4.24"]
[White "Khudov, Oleksandr"]
[Black "Frayna, Janelle Mae"]
[Result "0-1"]
[WhiteElo "2093"]
[BlackElo "2315"]
[PlyCount "72"]
[EventDate "2018.07.13"]
[EventType "swiss"]
[EventRounds "9"]
[EventCountry "ESP"]
[SourceTitle "Ajedrez en Madrid"]
[Source "lmi"]
[SourceDate "2018.07.13"]
[SourceVersion "1"]
[SourceVersionDate "2019.06.21"]
[SourceQuality "1"]

1. d4 g6 2. Bf4 Bg7 3. e3 d6 4. Nf3 Nd7 5. h3 e5 6. dxe5 dxe5 7. Bh2 Nh6 8. c3
O-O 9. Be2 f5 10. O-O Qe7 11. Nbd2 Nf7 12. Nc4 Kh8 13. a4 Rd8 14. Qc2 b6 15. b4
Bb7 16. Rfd1 Nd6 17. Nfd2 Nf7 18. Bf3 e4 19. Be2 Nf6 20. Rac1 Nd5 21. Nb1 g5
22. Bf1 Rf8 23. Rd2 f4 24. Re1 Rae8 25. Rde2 Nd6 26. Nxd6 cxd6 27. exf4 Nxf4
28. Re3 d5 29. f3 d4 30. Rxe4 Bxe4 31. Rxe4 Qd6 32. cxd4 Rxe4 33. fxe4 Qxd4+
34. Kh1 Nxh3 35. gxh3 Rxf1+ 36. Kg2 Rf8 0-1

[Event "20. Obert Int. Sant Marti 2018"]
[Site "Barcelona ESP"]
[Date "2018.07.16"]
[Round "4.26"]
[White "Saurabh, Anand"]
[Black "Anustoop, Biswas"]
[Result "0-1"]
[WhiteElo "2258"]
[BlackElo "2052"]
[PlyCount "117"]
[EventDate "2018.07.13"]
[EventType "swiss"]
[EventRounds "9"]
[EventCountry "ESP"]
[SourceTitle "Ajedrez en Madrid"]
[Source "lmi"]
[SourceDate "2018.07.13"]
[SourceVersion "1"]
[SourceVersionDate "2019.06.21"]
[SourceQuality "1"]

1. d4 d5 2. c4 c6 3. Nf3 Nf6 4. e3 Bf5 5. Nc3 e6 6. Bd3 Bxd3 7. Qxd3 Nbd7 8.
O-O Bd6 9. e4 dxe4 10. Nxe4 Nxe4 11. Qxe4 Nf6 12. Qe2 h6 13. b3 O-O 14. Bb2 Qe7
15. Rad1 Ba3 16. Ba1 Bd6 17. Ne5 Rfe8 18. f4 Rad8 19. Qf3 Bc7 20. Kh1 Bxe5 21.
fxe5 Nh7 22. Bc3 Rd7 23. Rd3 Red8 24. Qf4 Nf8 25. b4 Ng6 26. Qe4 b5 27. Rdf3
Qh4 28. Qxc6 bxc4 29. b5 Ne7 30. Qxc4 Nf5 31. Rf4 Qe7 32. Qd3 Qa3 33. Qd2 Rc8
34. Ba1 Qa4 35. R4f2 Qxb5 36. g4 Qd5+ 37. Kg1 Nxd4 38. Bxd4 Qxd4 39. Qxd4 Rxd4
40. h3 Rc7 41. Rf4 Rxf4 42. Rxf4 Rc1+ 43. Kg2 Rc2+ 44. Rf2 Rxf2+ 45. Kxf2 f6
46. Ke3 Kf7 47. Ke4 fxe5 48. Kxe5 Ke7 49. h4 g6 50. a4 a5 51. h5 g5 52. Kd4 Kd6
53. Ke4 e5 54. Kf5 Kd5 55. Kg6 e4 56. Kxh6 e3 57. Kg7 e2 58. h6 e1=Q 59. h7 0-1

[Event "20. Obert Int. Sant Marti 2018"]
[Site "Barcelona ESP"]
[Date "2018.07.16"]
[Round "4.27"]
[White "Ruperez, Miguel"]
[Black "Kumar, Gaurav"]
[Result "1-0"]
[WhiteElo "2226"]
[BlackElo "2074"]
[PlyCount "79"]
[EventDate "2018.07.13"]
[EventType "swiss"]
[EventRounds "9"]
[EventCountry "ESP"]
[SourceTitle "Ajedrez en Madrid"]
[Source "lmi"]
[SourceDate "2018.07.13"]
[SourceVersion "1"]
[SourceVersionDate "2019.06.21"]
[SourceQuality "1"]

1. d4 Nf6 2. c4 e6 3. Nc3 Bb4 4. Qc2 d5 5. cxd5 Qxd5 6. e3 c6 7. Nf3 Nbd7 8.
Be2 e5 9. Bd2 Qd6 10. O-O exd4 11. Ne4 Qe7 12. Nxf6+ Nxf6 13. Bxb4 Qxb4 14.
Nxd4 O-O 15. Rfd1 Qa5 16. a3 Qg5 17. Nf3 Qh6 18. Rd4 g6 19. Rad1 Qg7 20. Qc5
Nd5 21. h3 h6 22. Qd6 Be6 23. e4 Nb6 24. R1d2 Rac8 25. Qc5 Rfe8 26. a4 Qf8 27.
Qa5 c5 28. Rd6 Nc4 29. Bxc4 Bxc4 30. e5 Ba6 31. h4 Kg7 32. Qc3 Re6 33. Rd7 Qe8
34. h5 g5 35. Nh2 b5 36. Ng4 b4 37. Qf3 c4 38. Nf6 Qh8 39. Qf5 Rce8 40. Qg6+
1-0

[Event "20. Obert Int. Sant Marti 2018"]
[Site "Barcelona ESP"]
[Date "2018.07.16"]
[Round "4.28"]
[White "Pinero Fernandez, Xavier"]
[Black "Albero Figueras, Emilio"]
[Result "1-0"]
[WhiteElo "2218"]
[BlackElo "1968"]
[PlyCount "53"]
[EventDate "2018.07.13"]
[EventType "swiss"]
[EventRounds "9"]
[EventCountry "ESP"]
[SourceTitle "Ajedrez en Madrid"]
[Source "lmi"]
[SourceDate "2018.07.13"]
[SourceVersion "1"]
[SourceVersionDate "2019.06.21"]
[SourceQuality "1"]

1. d4 e6 2. Bf4 d5 3. e3 f5 4. Nf3 Nf6 5. Nbd2 Be7 6. h3 c6 7. Bd3 O-O 8. Qe2
Ne4 9. c3 Nd7 10. g4 Nxd2 11. Nxd2 b5 12. gxf5 exf5 13. Nf3 b4 14. c4 Nf6 15.
c5 Nh5 16. Ne5 Nxf4 17. exf4 Qc7 18. O-O-O Bf6 19. Rdg1 Bxe5 20. fxe5 Be6 21.
f4 Rae8 22. Rg5 Re7 23. Rhg1 Rff7 24. Qh5 Qc8 25. Qh4 Qf8 26. Rh5 g6 27. Rxg6+
1-0

[Event "20. Obert Int. Sant Marti 2018"]
[Site "Barcelona ESP"]
[Date "2018.07.16"]
[Round "4.29"]
[White "Chang, Suzana"]
[Black "Glimbrant, Torbjorn"]
[Result "0-1"]
[WhiteElo "2005"]
[BlackElo "2213"]
[PlyCount "172"]
[EventDate "2018.07.13"]
[EventType "swiss"]
[EventRounds "9"]
[EventCountry "ESP"]
[SourceTitle "Ajedrez en Madrid"]
[Source "lmi"]
[SourceDate "2018.07.13"]
[SourceVersion "1"]
[SourceVersionDate "2019.06.21"]
[SourceQuality "1"]

1. e4 e6 2. d4 d5 3. Nd2 c5 4. exd5 exd5 5. Ngf3 a6 6. c3 Nc6 7. dxc5 Bxc5 8.
Nb3 Ba7 9. Bd3 Nf6 10. Qe2+ Be6 11. Be3 Bxe3 12. Qxe3 O-O 13. O-O Qc7 14. Nbd4
Rae8 15. Nxc6 Qxc6 16. Qd4 Ne4 17. Rad1 Bg4 18. Ne5 Rxe5 19. Qxe5 Bxd1 20. Rxd1
Qa4 21. Ra1 Nf6 22. Qc7 b5 23. Qc5 Rb8 24. b3 Qa5 25. a4 Ne4 26. Qa7 Re8 27. b4
Qd8 28. Bxe4 dxe4 29. Qxa6 bxa4 30. Qxa4 h5 31. Rd1 Qb8 32. Qd7 Rc8 33. Qe7 Re8
34. Qd6 Qxd6 35. Rxd6 Rc8 36. g3 Rxc3 37. Rd4 e3 38. fxe3 Rxe3 39. Rd5 h4 40.
Kf2 Rb3 41. Rb5 Rb2+ 42. Kg1 hxg3 43. hxg3 Kh7 44. Rb6 f6 45. b5 Kh6 46. Rb8
Kg5 47. Rb7 g6 48. Rb6 f5 49. Kf1 Kh5 50. Rf6 Kg5 51. Rb6 Kh5 52. Rf6 Rxb5 53.
Kg2 Kg5 54. Ra6 Rb2+ 55. Kf3 Rb3+ 56. Kf2 Kh5 57. Rf6 Ra3 58. Kg2 Re3 59. Kf2
Re5 60. Kf3 Re4 61. Ra6 Rc4 62. Rf6 Rc1 63. Kg2 Rc4 64. Kf3 Kg5 65. Ra6 Rd4 66.
Rb6 Kh6 67. Ke3 Re4+ 68. Kf3 Kg7 69. Ra6 g5 70. Ra7+ Kf6 71. Ra6+ Re6 72. Ra4
Rb6 73. Ke3 Rb3+ 74. Kf2 Rd3 75. Ra5 Rd4 76. Ke3 Rc4 77. Ra6+ Kf7 78. Ra7+ Kg6
79. Kf3 Rc2 80. Ra8 g4+ 81. Kf4 Rf2+ 82. Ke5 Re2+ 83. Kd4 Rg2 84. Rg8+ Kf7 85.
Ra8 Rxg3 86. Ke5 Rf3 0-1

[Event "20. Obert Int. Sant Marti 2018"]
[Site "Barcelona ESP"]
[Date "2018.07.16"]
[Round "4.30"]
[White "Chernyak, Viktoria"]
[Black "Kavisha, S Shah"]
[Result "1-0"]
[WhiteElo "2206"]
[BlackElo "1723"]
[PlyCount "79"]
[EventDate "2018.07.13"]
[EventType "swiss"]
[EventRounds "9"]
[EventCountry "ESP"]
[SourceTitle "Ajedrez en Madrid"]
[Source "lmi"]
[SourceDate "2018.07.13"]
[SourceVersion "1"]
[SourceVersionDate "2019.06.21"]
[SourceQuality "1"]

1. c4 c6 2. d4 d5 3. Nf3 Nf6 4. e3 Bf5 5. cxd5 cxd5 6. Qb3 Qb6 7. Qxb6 axb6 8.
Bb5+ Nc6 9. Nc3 e6 10. Bd2 Bd6 11. Nh4 Bg6 12. Nxg6 hxg6 13. h3 O-O 14. Ke2 e5
15. dxe5 Bxe5 16. Na4 Na7 17. Bd3 b5 18. Nb6 Rad8 19. a4 bxa4 20. Nxa4 Nc6 21.
Rac1 Bd6 22. Nc5 Bxc5 23. Rxc5 Ne4 24. Rb5 Nxd2 25. Kxd2 Rd7 26. Rc1 Rfd8 27.
Rbc5 Ne5 28. Bb5 Rd6 29. b3 Nd7 30. Rc8 Nf6 31. Kd3 Kf8 32. R1c2 Rxc8 33. Rxc8+
Ke7 34. Rc7+ Ke6 35. f3 Rb6 36. Ba4 Nh5 37. Kd4 Ng3 38. Kc5 Rd6 39. Rxb7 Nf5
40. Be8 1-0

[Event "20. Obert Int. Sant Marti 2018"]
[Site "Barcelona ESP"]
[Date "2018.07.16"]
[Round "4.31"]
[White "Magallanes, Gustavo"]
[Black "Romero Pallares, Daniel"]
[Result "0-1"]
[WhiteElo "1952"]
[BlackElo "2202"]
[PlyCount "52"]
[EventDate "2018.07.13"]
[EventType "swiss"]
[EventRounds "9"]
[EventCountry "ESP"]
[SourceTitle "Ajedrez en Madrid"]
[Source "lmi"]
[SourceDate "2018.07.13"]
[SourceVersion "1"]
[SourceVersionDate "2019.06.21"]
[SourceQuality "1"]

1. e4 c5 2. Nf3 g6 3. d4 cxd4 4. Qxd4 Nf6 5. e5 Nc6 6. Qa4 Nd5 7. Qe4 Ndb4 8.
Bc4 d5 9. exd6 Bf5 10. dxe7 Bxe7 11. Qf4 Nxc2+ 12. Ke2 N6d4+ 13. Nxd4 Nxd4+ 14.
Kf1 Nc2 15. Bb5+ Bd7 16. Bc4 O-O 17. Nc3 Nxa1 18. h4 Be6 19. Be2 Bf5 20. h5 Bd3
21. Qh6 Bxe2+ 22. Kxe2 Re8 23. Kf1 Qd3+ 24. Kg1 Bf8 25. Qd2 Qxd2 26. Bxd2 Rad8
0-1

[Event "20. Obert Int. Sant Marti 2018"]
[Site "Barcelona ESP"]
[Date "2018.07.16"]
[Round "4.32"]
[White "Ghelani, Dhairya"]
[Black "Deepak, Katiyar"]
[Result "0-1"]
[WhiteElo "1778"]
[BlackElo "2108"]
[PlyCount "84"]
[EventDate "2018.07.13"]
[EventType "swiss"]
[EventRounds "9"]
[EventCountry "ESP"]
[SourceTitle "Ajedrez en Madrid"]
[Source "lmi"]
[SourceDate "2018.07.13"]
[SourceVersion "1"]
[SourceVersionDate "2019.06.21"]
[SourceQuality "1"]

1. d4 Nf6 2. c4 e6 3. Nc3 Bb4 4. e3 O-O 5. Nge2 c6 6. a3 Ba5 7. b4 Bc7 8. g3 d5
9. c5 e5 10. Bg2 e4 11. h3 Ne8 12. Qb3 f5 13. a4 Nf6 14. b5 Re8 15. Bd2 Nbd7
16. h4 Nf8 17. Nf4 Be6 18. Na2 Bf7 19. Nb4 Qd7 20. bxc6 bxc6 21. a5 Rab8 22.
Qa4 Rb5 23. O-O Rc8 24. Rfd1 Bd8 25. Na2 h6 26. Bf1 Rbb8 27. Ba6 Rc7 28. Rab1
Rxb1 29. Rxb1 g5 30. hxg5 hxg5 31. Nh3 f4 32. Nxg5 fxg3 33. Nxf7 Qh3 34. Nh6+
Qxh6 35. fxg3 Ng4 36. Kf1 Qh1+ 37. Ke2 Qxb1 38. Nc1 Ne6 39. Qb3 Qxb3 40. Nxb3
Bg5 41. Nc1 Rh7 42. Ke1 Bxe3 0-1

[Event "20. Obert Int. Sant Marti 2018"]
[Site "Barcelona ESP"]
[Date "2018.07.16"]
[Round "4.33"]
[White "Kadam, Om Manish"]
[Black "Perez Pastora, Evarist"]
[Result "1-0"]
[WhiteElo "1836"]
[BlackElo "2103"]
[PlyCount "150"]
[EventDate "2018.07.13"]
[EventType "swiss"]
[EventRounds "9"]
[EventCountry "ESP"]
[SourceTitle "Ajedrez en Madrid"]
[Source "lmi"]
[SourceDate "2018.07.13"]
[SourceVersion "1"]
[SourceVersionDate "2019.06.21"]
[SourceQuality "1"]

1. e4 c5 2. Nf3 d6 3. d4 cxd4 4. Nxd4 Nf6 5. Nc3 a6 6. Be2 e5 7. Nb3 Be6 8. O-O
Nbd7 9. Be3 Be7 10. Kh1 Rc8 11. a4 O-O 12. a5 Qc7 13. f4 Bc4 14. f5 Bxe2 15.
Qxe2 Qc4 16. Qf3 d5 17. exd5 e4 18. Qd1 Ne5 19. Ra4 Qc7 20. Bb6 Qd7 21. Rd4 Nc4
22. Qe2 Nxb6 23. axb6 Bd8 24. Nxe4 Nxe4 25. Qxe4 Bxb6 26. Rc4 Rcd8 27. f6 gxf6
28. Qg4+ Kh8 29. Qf3 Rg8 30. Qxf6+ Rg7 31. Qxb6 Qxd5 32. Re4 Rdg8 33. Qd4 Qxd4
34. Rxd4 Rxg2 35. Rd2 Rxd2 36. Nxd2 Rc8 37. c3 Kg7 38. Nf3 b5 39. Ra1 Rc6 40.
Nd4 Rb6 41. b4 Kf6 42. Nb3 Ke5 43. Nc5 Kd5 44. Rxa6 Rg6 45. Rxg6 fxg6 46. Nb3
Kc4 47. Nd4 Kxc3 48. Nxb5+ Kxb4 49. Nd6 Kc5 50. Ne8 Kd4 51. Kg2 Ke5 52. Kg3 Kf5
53. Nd6+ Ke6 54. Nc4 Kf5 55. Ne3+ Kg5 56. h3 Kh5 57. Ng2 Kg5 58. Nh4 Kf6 59.
Nf3 Kf5 60. Nh4+ Kg5 61. Ng2 Kf5 62. Kh4 h6 63. Ne3+ Kf4 64. Ng2+ Kf3 65. Ne1+
Kf4 66. Nd3+ Ke4 67. Nc5+ Kf3 68. Ne6 Ke4 69. Kg4 Ke5 70. Nc5 Kd5 71. Nd3 Ke4
72. Nf4 g5 73. Ne6 Ke5 74. Nxg5 hxg5 75. Kxg5 Ke6 1-0

[Event "20. Obert Int. Sant Marti 2018"]
[Site "Barcelona ESP"]
[Date "2018.07.16"]
[Round "4.34"]
[White "Segarra Calderer, Albert"]
[Black "Anadkat, Kartavya"]
[Result "1/2-1/2"]
[WhiteElo "2095"]
[BlackElo "1910"]
[PlyCount "70"]
[EventDate "2018.07.13"]
[EventType "swiss"]
[EventRounds "9"]
[EventCountry "ESP"]
[SourceTitle "Ajedrez en Madrid"]
[Source "lmi"]
[SourceDate "2018.07.13"]
[SourceVersion "1"]
[SourceVersionDate "2019.06.21"]
[SourceQuality "1"]

1. c4 Nf6 2. Nc3 e5 3. g3 d5 4. cxd5 Nxd5 5. Bg2 Nb6 6. Nf3 Nc6 7. O-O Be7 8.
d3 O-O 9. a3 a5 10. Be3 Be6 11. Ne4 Nd5 12. Bc5 f5 13. Bxe7 Qxe7 14. Neg5 h6
15. Nxe6 Qxe6 16. Qb3 Nf4 17. Qxe6+ Nxe6 18. Nh4 Ned8 19. Bd5+ Kh7 20. Rac1 Ra6
21. f4 exf4 22. Rxf4 g6 23. e4 Kg7 24. Nf3 Rb6 25. b3 fxe4 26. dxe4 Re8 27. e5
Rb5 28. Rd1 Rc5 29. b4 Rc3 30. b5 Nxe5 31. Nxe5 Rxe5 32. Ba2 Ne6 33. Rd7+ Kg8
34. Bxe6+ Rxe6 35. Rd8+ Kg7 1/2-1/2